La clase de filosofía como simulación de la actividad filosófica

Saved in:
Bibliografiske detaljer
Hovedforfatter: Izuzquiza Otero, Ignacio (Author)
Format: Bog
Sprog:spansk
Udgivet: Madrid Anaya 1982
Serier:Técnicas didácticas
Fag:
Tags: Tilføj Tag
Ingen Tags, Vær først til at tagge denne postø!

MARC

LEADER 00000nam a2200000 a 4500
001 UCY8494
003 CL-VaPUC
008 950703e19820000SP |||||||||||||||||spa|d
082 0 4 |a 107  |b IZU  |2 21 
100 |a Izuzquiza Otero, Ignacio  |e author  |9 492540 
245 1 3 |a La clase de filosofía como simulación de la actividad filosófica 
300 |a 240 p 
942 |c BK 
945 |d 19950703 00:00:00  |a mfernand 
260 |a Madrid  |b Anaya  |c 1982 
650 0 |a Filosofía   |9 223554 
650 0 |a Métodos de enseñanza  |9 270413 
650 7 |a CLASES ESCOLARES  |2 CL-VaPUC  |9 307733 
583 |a last modification  |c 19950703 00:00:00  |k Rodrigo Vera 
490 0 |a Técnicas didácticas 
999 |c 235732  |d 235730 
952 |0 0  |1 0  |4 0  |6 107_000000000000000_IZU_1982  |7 0  |8 A  |9 243334  |a BIBEDU  |b BIBEDU  |d 2019-11-18  |i 1528386  |o 107 IZU 1982  |p 1528386  |r 2019-11-18  |w 2019-11-18  |y BK  |k EDU